| 000 | 00941nam a2200217 i 4500 | ||
|---|---|---|---|
| 001 | 162623 | ||
| 003 | ES-MaACL | ||
| 005 | 20251212170258.0 | ||
| 008 | 041123m18811882fr |||| |bfre d | ||
| 040 |
_aCAM _bspa _cCAM |
||
| 080 | _a929 Agrippa von Nettesheim, Heinrich Cornelius 133"15" | ||
| 100 | 1 |
_aProst, Auguste. _9131387 |
|
| 245 | 1 | 4 |
_aLes sciences et les arts occultes au XVIe. siècle _b: Corneille Agrippa, sa vie et ses oeuvres / _cpar Aug. Prost. |
| 260 |
_aParis : _bChampion, libraire, _c1881-1882 ( _eLe Puy : _fImprimerie et lithographie Marchessou Fils) |
||
| 300 |
_a2 v. (XXXIX, 401 ; 543, [2] p.) ; _c23 cm. |
||
| 600 | 1 | 7 |
_aAgrippa von Nettesheim, Heinrich Cornelius, _d1486-1535 _2 _9147833 |
| 650 | 7 |
_aOcultismo _2embne _915681 |
|
| 852 |
_aES-MaACL _jF-9928-29 _z. - Rúst. |
||
| 856 |
_uhttp://www.archive.org/details/lessciencesetle00prosgoog _zIr a la página _z( v. 1) |
||
| 999 |
_c162623 _d162623 |
||